00348nam a2200133Ia 4500008004100000020001500041041001200056082001600068100001700084245006200101260003500163300000800198650000800206221030s9999 xx 000 0 und d a8121908558 aEnglish a105.23bTew aK. K. Tewari 0aElectricity & Magnetism with Electronicscby K. K. Tewari bS. Chand & CoaNew Delhic2001 a912 aEMT